[Event "FIDE World Blitz 2014"]
[Site "Dubai UAE"]
[Date "2014.06.19"]
[Round "1.30"]
[White "Salgado Lopez,I"]
[Black "Malakhov,V"]
[Result "1/2-1/2"]
[WhiteElo "2622"]
[BlackElo "2694"]

1.e4 g6 2.d4 Bg7 3.c3 d6 4.Bd3 Nf6 5.Nf3 O-O 6.O-O c6 7.h3 Qc7 8.Re1 e5 9.Nbd2 Nbd7
10.a4 b6 11.Nf1 Bb7 12.Ng3 Rfe8 13.Bd2 Rad8 14.Qc2 d5 15.dxe5 Nxe4 16.Nxe4 dxe4
17.Bxe4 Nxe5 18.Nxe5 Bxe5 19.Bg5 Rc8 20.Rad1 Bg7 21.Bf3 c5 22.Bxb7 Qxb7 23.Qd3 h6
24.Be3 Re7 25.Bf4 Rce8 26.Rxe7 Qxe7 27.Be3 h5 28.a5 bxa5 29.Qb5 Rc8 30.Qxa5 Qb7
31.Rd8+ Rxd8 32.Qxd8+ Kh7 33.Qd2 c4 34.Qe2 Qe4 35.Qd2 a5 36.f3 Qb1+ 37.Kf2 a4
38.Bd4 Bh6 39.Qe2 Bf4 40.g3 Bd6 41.f4 Qa2 42.Kf3 Qb1 43.Qxc4 Qh1+ 44.Ke3 Qc1+
45.Kf3 Qh1+ 46.Ke3 Qc1+ 47.Kf3 Qh1+  1/2-1/2

[Event "FIDE World Blitz 2014"]
[Site "Dubai UAE"]
[Date "2014.06.19"]
[Round "2.31"]
[White "Malakhov,V"]
[Black "Kayumov,S"]
[Result "1-0"]
[WhiteElo "2694"]
[BlackElo "2505"]

1.Nf3 d6 2.c4 g6 3.g3 Bg7 4.Bg2 e6 5.O-O Ne7 6.d4 O-O 7.Nc3 Nd7 8.b3 h6 9.Bb2 a6
10.Qd2 Rb8 11.a4 b6 12.Rad1 Bb7 13.Ba3 Re8 14.e4 Kh7 15.b4 d5 16.cxd5 exd5
17.e5 Nf8 18.b5 axb5 19.axb5 Ra8 20.Bb4 Ne6 21.h4 c5 22.bxc6 Nxc6 23.Bd6 Ba6
24.Rfe1 Bc4 25.h5 b5 26.hxg6+ fxg6 27.Rb1 Bf8 28.Bxf8 Rxf8 29.Nxb5 Bxb5 30.Rxb5 Rxf3
31.Bxf3 Ng5 32.Bg2 Ne7 33.Rb7 Kh8 34.Qb4 Nc6 35.Qc5 Rc8 36.Qxd5 Nxd4 37.Qxd8+ Rxd8
38.Re3 Nc2 39.Rc3 Nd4 40.Rcc7 Ndf3+ 41.Bxf3 Nxf3+ 42.Kg2 Nxe5 43.Rh7+ Kg8
44.Rxh6 Rd6 45.Rh1 Nf7 46.Rc1 Rf6 47.Rcc7 g5 48.Rc5 Kg7 49.Rxg5+ Kh6 50.Rc5 Ng5
51.Rcb5 Ne4 52.R7b6 Nd6 53.Rd5 Ne4 54.Rxf6+ Nxf6 55.Rd6 Kg5 56.Rxf6  1-0

[Event "FIDE World Blitz 2014"]
[Site "Dubai UAE"]
[Date "2014.06.19"]
[Round "3.16"]
[White "Anton Guijarro,D"]
[Black "Malakhov,V"]
[Result "1-0"]
[WhiteElo "2631"]
[BlackElo "2694"]

1.e4 g6 2.d4 Bg7 3.Nc3 d6 4.Be3 a6 5.h4 h6 6.f4 h5 7.Nf3 b5 8.Qd2 Bb7 9.Bd3 Nh6
10.Ng5 Nd7 11.e5 e6 12.Bxg6 fxg6 13.Nxe6 Qe7 14.Nxc7+ Kd8 15.Nxa8 Bxa8 16.d5 Nf5
17.O-O-O dxe5 18.Rhe1 Bh6 19.Kb1 Ke8 20.Ne4 Kf7 21.fxe5 Bxe3 22.e6+ Kg7 23.Rxe3 Nxe3
24.Qxe3 Nf6 25.Nxf6 Qxf6 26.d6 Bc6 27.Qa7+ Kh6 28.Qxa6 Be4 29.d7 Qf2 30.Qc8 Rd8
31.Rc1 Qf6 32.Re1 Qf8 33.Qxd8 Qxd8 34.Rxe4 Qf6 35.Re1 Qe7 36.Rd1  1-0

[Event "FIDE World Blitz 2014"]
[Site "Dubai UAE"]
[Date "2014.06.19"]
[Round "4.30"]
[White "Malakhov,V"]
[Black "Matlakov,M"]
[Result "1-0"]
[WhiteElo "2694"]
[BlackElo "2689"]

1.Nf3 d5 2.g3 g6 3.c4 dxc4 4.Qa4+ Nc6 5.Qxc4 e5 6.Bg2 Bg7 7.O-O Nge7 8.Nc3 O-O
9.d3 Nd4 10.Nxd4 exd4 11.Ne4 h6 12.Bf4 c6 13.Qc1 g5 14.Bd2 Nd5 15.h4 f5 16.hxg5 fxe4
17.dxe4 Nc7 18.gxh6 Bh8 19.f4 Bg4 20.Qc4+ Be6 21.Qd3 Qf6 22.f5 Bf7 23.g4 Qh4
24.g5 Be5 25.Rf3 c5 26.g6 b5 27.Rh3 Qg4 28.gxf7+ Rxf7 29.Kh1 Kh7 30.Qf3 Rg8
31.Qxg4 Rxg4 32.Bf3 Rg8 33.Bh5 Rf6 34.Bg6+ Rfxg6 35.fxg6+ Rxg6 36.Rf1 Ne6
37.Rf7+ Kh8 38.h7 c4 39.Re7 Bg7 40.Re8+ Nf8 41.Bb4 Rf6 42.Rf3 Rh6+ 43.Kg2 c3
44.bxc3 dxc3 45.Bxc3  1-0

[Event "FIDE World Blitz 2014"]
[Site "Dubai UAE"]
[Date "2014.06.19"]
[Round "5.19"]
[White "Ragger,M"]
[Black "Malakhov,V"]
[Result "1/2-1/2"]
[WhiteElo "2632"]
[BlackElo "2694"]

1.d4 g6 2.c4 Bg7 3.e4 e6 4.Nc3 Ne7 5.Nf3 d5 6.Bd3 dxe4 7.Bxe4 Nbc6 8.d5 exd5
9.cxd5 Ne5 10.Nxe5 Bxe5 11.O-O O-O 12.Re1 Qd6 13.h3 Bd7 14.Bf3 f5 15.Qe2 Bf6
16.Qc4 g5 17.Be3 b6 18.Rac1 Ng6 19.Nb5 Bxb5 20.Qxb5 Ne5 21.Be2 f4 22.Bd2 f3
23.Bb4 a6 24.Bxd6 axb5 25.Bxe5 Bxe5 26.Bxf3 Bd6 27.a3 Rf4 28.Rc2 b4 29.axb4 Rxb4
30.g3 Kg7 31.Kg2 Ra2 32.Ree2 Ra8 33.Bg4 Rf8 34.Re3 h6 35.Rce2 Rf6 36.Re8 Rf8
37.R8e6 Rf6 38.Re8 Rf8 39.Rxf8 Kxf8 40.Bf5 Kg7 41.Kf3 Kf6 42.Re6+ Kg7 43.Rg6+ Kf7
44.Rxh6 Rxb2 45.Rh5 Kf6 46.Be6 Bc5 47.Rh6+ Kg7 48.Rh5 Kg6 49.Rh8 Rxf2+ 50.Kg4 Be7
51.Re8 Bf6 52.Rc8 Be5 53.Rg8+ Kh6 54.Rxg5 Bd6 55.Rh5+ Kg7 56.Rf5 Rg2 57.Rf3 b5
58.h4 b4 59.Bf5 Ra2 60.Kg5 Ra3 61.Rxa3 bxa3 62.Bb1 Bxg3 63.h5 Bd6 64.h6+ Kh8
65.h7 Kg7 66.Kg4 Kh8  1/2-1/2

[Event "FIDE World Blitz 2014"]
[Site "Dubai UAE"]
[Date "2014.06.19"]
[Round "6.22"]
[White "Malakhov,V"]
[Black "Ghaem Maghami,E"]
[Result "1/2-1/2"]
[WhiteElo "2694"]
[BlackElo "2582"]

1.Nf3 c5 2.c4 Nf6 3.Nc3 Nc6 4.g3 g6 5.Bg2 d6 6.d4 cxd4 7.Nxd4 Bd7 8.b3 Bg7
9.Bb2 O-O 10.Nc2 a6 11.O-O Rb8 12.a4 Na5 13.Ne3 Ng4 14.Nxg4 Bxg4 15.Rb1 Bd7
16.Ba1 Bc6 17.e4 Bd7 18.Qd3 Nc6 19.Nd5 Bxa1 20.Rxa1 e5 21.f4 Be6 22.fxe5 Bxd5
23.exd5 Qb6+ 24.Kh1 Nxe5 25.Qc3 a5 26.Rae1 Rbe8 27.h3 Qc5 28.Re4 b6 29.Rfe1 Re7
30.g4 Rfe8 31.g5 Qc7 32.Qe3 Qd8 33.Qe2 Kf8 34.Qb2 Kg8 35.Qe2 Kf8 36.Qb2 Kg8
37.Qe2 Kf8 38.Qb2  1/2-1/2

[Event "FIDE World Blitz 2014"]
[Site "Dubai UAE"]
[Date "2014.06.19"]
[Round "7.23"]
[White "Fedoseev,Vl3"]
[Black "Malakhov,V"]
[Result "0-1"]
[WhiteElo "2662"]
[BlackElo "2694"]

1.e4 e5 2.Nf3 Nc6 3.Bb5 Nf6 4.d3 Bc5 5.c3 O-O 6.O-O Re8 7.Bg5 Bf8 8.Nbd2 d6
9.Re1 Bd7 10.Ba4 h6 11.Bh4 g6 12.Nf1 Bg7 13.Ne3 Qc8 14.Rc1 Nd8 15.Bb3 Ne6
16.Bg3 Nh5 17.d4 Ng5 18.Nxg5 hxg5 19.Bc2 Nf4 20.f3 Be6 21.Bf2 Qd8 22.Ba4 Rf8
23.d5 Bd7 24.c4 f5 25.Bxd7 Qxd7 26.c5 fxe4 27.fxe4 Rf7 28.Rf1 Raf8 29.Ng4 Qb5
30.Rc2 dxc5 31.Rxc5 Ne2+ 32.Kh1 Qxc5 33.Qxe2 Qb4 34.Rc1 Rf4 35.h3 Qxe4 36.Qxe4 Rxe4
37.Bxa7 Rf7 38.Be3 Ra4 39.a3 e4 40.Rc5 b6 41.Rb5 Rf5 42.Bg1 Rc4 43.Ne3 Rc1
44.Nxf5 gxf5 45.Kh2 Be5+ 46.g3 Rc2+ 47.Kh1 Bxg3 48.d6 Bxd6 49.Rxf5 Bf4 50.h4 e3
51.hxg5 e2 52.Bf2 Be3 53.Bg3 Rc1+ 54.Kg2 Rg1+ 55.Kf3 Rxg3+ 56.Kxe2 Rxg5 57.Rf3 Bc5
58.b4 Bd6 59.Kd3 Rg3 60.Rxg3+ Bxg3 61.Kc4 Kf7 62.Kd5 Ke7 63.Kc6 Kd8 64.a4 Be1
65.Kb5 Kc8 66.a5 Kb7 67.axb6 cxb6  0-1

[Event "FIDE World Blitz 2014"]
[Site "Dubai UAE"]
[Date "2014.06.19"]
[Round "8.13"]
[White "Malakhov,V"]
[Black "Laznicka,V"]
[Result "1/2-1/2"]
[WhiteElo "2694"]
[BlackElo "2679"]

1.Nf3 d5 2.g3 Bg4 3.Bg2 Nd7 4.c4 c6 5.cxd5 cxd5 6.Qb3 Nc5 7.Qd1 Nf6 8.O-O e6
9.d3 Be7 10.Nc3 O-O 11.Bf4 Rc8 12.a3 Qb6 13.b4 Ncd7 14.Qb3 Bxf3 15.Bxf3 Bd6
16.Be3 Bc5 17.Na4 Qb5 18.Nc3 Qb6 19.Na4 Qb5 20.Nc3 Qb6 21.Na4  1/2-1/2

[Event "FIDE World Blitz 2014"]
[Site "Dubai UAE"]
[Date "2014.06.19"]
[Round "9.14"]
[White "Moradiabadi,E"]
[Black "Malakhov,V"]
[Result "1-0"]
[WhiteElo "2586"]
[BlackElo "2694"]

1.d4 g6 2.h4 Nf6 3.Bg5 Bg7 4.Nc3 d5 5.Nf3 c6 6.Bxf6 Bxf6 7.e4 Bg4 8.e5 Bg7
9.Be2 Qb6 10.Na4 Qa5+ 11.c3 Nd7 12.b4 Qc7 13.Ng5 Bxe2 14.Qxe2 e6 15.h5 h6
16.Nh3 g5 17.O-O O-O-O 18.Nc5 Rhe8 19.Nxd7 Rxd7 20.f4 f5 21.exf6 Bxf6 22.fxg5 Bxg5
23.Nxg5 hxg5 24.Rae1 Rde7 25.Qe5 Qd7 26.Rf6 b6 27.h6 Kb7 28.Qxg5 e5 29.Rxe5 Rxe5
30.dxe5 d4 31.Rd6 Qf7 32.cxd4 Rg8 33.e6 Qe8 34.Rd7+ Ka6 35.Rg7 Rh8 36.e7 Qd7
37.Qe5 Re8 38.h7 c5 39.Rg8 Rxe7 40.h8=Q Rxe5 41.Qxe5 cxd4 42.Rg7 Qc8 43.Qc7 Qf5
44.Qc4+  1-0

[Event "FIDE World Blitz 2014"]
[Site "Dubai UAE"]
[Date "2014.06.19"]
[Round "10.23"]
[White "Malakhov,V"]
[Black "Jobava,Ba"]
[Result "1-0"]
[WhiteElo "2694"]
[BlackElo "2713"]

1.Nf3 Nf6 2.g3 c6 3.Bg2 d6 4.O-O Bf5 5.b3 h6 6.Bb2 e6 7.d3 Be7 8.e4 Bh7 9.e5 dxe5
10.Nxe5 O-O 11.Nd2 Nbd7 12.Ndc4 Nxe5 13.Nxe5 Nd7 14.Nxd7 Qxd7 15.Qg4 Bg6
16.Be4 h5 17.Qe2 Bxe4 18.dxe4 g6 19.Rad1 Qc7 20.Qd2 Rfd8 21.Qh6 e5 22.f4 Bf8
23.Qg5 Rxd1 24.Rxd1 Qb6+ 25.Kg2 Re8 26.f5 Be7 27.Qh6 Bf8 28.Qg5 Be7 29.Qh6 Bf8
30.Qd2 c5 31.Qd7 Re7 32.Qd5 Qa6 33.Qd3 Qxa2 34.Bc3 Qa6 35.Qxa6 bxa6 36.fxg6 fxg6
37.Rd6 Kf7 38.Rxa6 Rd7 39.Kf3 Bg7 40.Ke2 Rc7 41.Rd6 c4 42.b4 Bf8 43.Rd5 Rb7
44.b5 Bg7 45.Bxe5 Bxe5 46.Rxe5 Kf6 47.Rd5 Ke6 48.Ke3 Rf7 49.Rc5 Rf1 50.Rxc4 g5
51.Rc6+ Kf7 52.Rc7+ Kf6 53.Rxa7 Rb1 54.c4 Ke5 55.Re7+ Kf6 56.Rd7 Rb2 57.Rd6+ Ke5
58.Rd5+ Kf6 59.Rf5+ Kg6 60.Rf2 Rb3+ 61.Kd4  1-0

[Event "FIDE World Blitz 2014"]
[Site "Dubai UAE"]
[Date "2014.06.20"]
[Round "12.16"]
[White "Malakhov,V"]
[Black "Grischuk,A"]
[Result "0-1"]
[WhiteElo "2694"]
[BlackElo "2792"]

1.Nf3 c5 2.e4 d6 3.d4 cxd4 4.Qxd4 Nc6 5.Bb5 a6 6.Bxc6+ bxc6 7.O-O e5 8.Qd3 Qc7
9.c4 Nf6 10.Nc3 Be7 11.Bg5 O-O 12.Rad1 Rd8 13.Nh4 Nh5 14.Bxe7 Qxe7 15.Nf5 Bxf5
16.exf5 Nf6 17.Rfe1 d5 18.b3 h6 19.h3 Rd7 20.cxd5 cxd5 21.Re2 Rc8 22.Na4 Rc6
23.Qg3 e4 24.Qf4 d4 25.Nb2 Rd8 26.Nc4 Rc5 27.Red2 Nd5 28.Qg4 d3 29.Re1 Nc3
30.Qf4 Ne2+ 31.Rexe2 dxe2 32.Rxe2 Qg5 33.Qxg5 hxg5 34.g4 Rd4 35.Kg2 f6 36.f3 exf3+
37.Kxf3 Rd3+ 38.Kg2 a5 39.Re8+ Kf7 40.Ra8 Rc3 41.Ra7+ Kg8 42.Ra8+ Kh7 43.Nd6 Rd5
44.Nc4 Rdd3 45.Kf2 Rc2+ 46.Ke1 Rxh3 47.Kd1 Rxa2  0-1

[Event "FIDE World Blitz 2014"]
[Site "Dubai UAE"]
[Date "2014.06.20"]
[Round "13.24"]
[White "Fier,A"]
[Black "Malakhov,V"]
[Result "0-1"]
[WhiteElo "2580"]
[BlackElo "2694"]

1.e4 e5 2.Nf3 Nc6 3.g3 Nf6 4.d3 d5 5.exd5 Nxd5 6.Bg2 Be7 7.O-O O-O 8.Nc3 Nxc3
9.bxc3 Bg4 10.Rb1 Rb8 11.h3 Bh5 12.Re1 f6 13.Qe2 Re8 14.Qe4 Bf7 15.c4 Nb4
16.c3 Nxd3 17.Rd1 Nxf2 18.Rxd8 Nxe4 19.Rxe8+ Bxe8 20.Be3 Nxc3 21.Rb3 Na4
22.Bxa7 Bc5+ 23.Bxc5 Nxc5 24.Rb2 Rd8 25.Nd2 Na4 26.Rc2 Bg6 27.Be4 Bxe4 28.Nxe4 Rd4
29.Nd2 Nc5 30.Nf3 Rd3 31.Kg2 Kf7 32.Ne1 Re3 33.Kf2 Ra3 34.Nf3 Ke6 35.g4 Ne4+
36.Kg2 Rc3 37.Rb2 b6 38.Nh4 g6 39.a4 Rxc4 40.Ra2 Nc3 41.Rc2 Nd5 42.Ra2 Nf4+
43.Kf1 Nxh3 44.a5 bxa5 45.Rxa5 Rxg4 46.Nf3 Rc4 47.Ra6+ c6 48.Ra7 h5 49.Kg2 Nf4+
50.Kg3 Rc3 51.Rc7 g5 52.Kf2 g4 53.Nd2 g3+  0-1

[Event "FIDE World Blitz 2014"]
[Site "Dubai UAE"]
[Date "2014.06.20"]
[Round "14.20"]
[White "Malakhov,V"]
[Black "Volokitin,And"]
[Result "1-0"]
[WhiteElo "2694"]
[BlackElo "2638"]

1.Nf3 c5 2.e4 d6 3.d4 cxd4 4.Qxd4 Nc6 5.Bb5 Bd7 6.Qd3 Nf6 7.O-O a6 8.Bxc6 Bxc6
9.Nc3 e6 10.Bg5 Be7 11.Rad1 O-O 12.Nd4 Rc8 13.Nxc6 Rxc6 14.h3 Qc7 15.Rd2 Rc8
16.Rfd1 h6 17.Bf4 b5 18.a3 Qb7 19.Qe2 Rxc3 20.bxc3 Nxe4 21.Qf3 Rxc3 22.Rd3 Rxc2
23.Rc1 Rxf2 24.Qe3 Ra2 25.Qf3 d5 26.Be5 Bf6 27.Bxf6 Nxf6 28.Qf4 Qb6+ 29.Kh2 Kh7
30.Rf3 Qa5 31.Rc7 Qe1 32.Rxf7 Ra1 33.Rxg7+ Kxg7 34.Qxf6+ Kh7 35.Qf7+ Kh8
36.Qf8+ Kh7 37.Rf7+ Kg6 38.Qg7+ Kh5 39.Qg4+  1-0

[Event "FIDE World Blitz 2014"]
[Site "Dubai UAE"]
[Date "2014.06.20"]
[Round "15.13"]
[White "Safarli,E"]
[Black "Malakhov,V"]
[Result "1-0"]
[WhiteElo "2649"]
[BlackElo "2694"]

1.e4 e5 2.Nf3 Nc6 3.Bb5 Nf6 4.Qe2 Bd6 5.O-O O-O 6.c3 Re8 7.Re1 Bf8 8.d3 d6
9.Nbd2 Bd7 10.Nf1 a6 11.Ba4 Nd4 12.cxd4 Bxa4 13.b3 Bd7 14.dxe5 dxe5 15.Bb2 Bg4
16.h3 Bxf3 17.Qxf3 Bc5 18.Rac1 Bb6 19.Ng3 Nd7 20.Rcd1 Nf8 21.d4 Bxd4 22.Bxd4 exd4
23.e5 b6 24.Nf5 Ne6 25.Re4 Kh8 26.h4 Qd7 27.Rg4 Rad8 28.h5 Qd5 29.Qg3 Rg8
30.Ne7 Qa5 31.Nxg8 Kxg8 32.Rxg7+ Nxg7 33.h6 Kf8 34.Qxg7+ Ke8 35.e6 fxe6 36.Qh8+ Ke7
37.Qxh7+ Kf6 38.Qg7+ Kf5 39.g4+ Ke4 40.h7 Qxa2 41.h8=Q Rxh8 42.Qxd4+ Kf3
43.Rd3+  1-0

[Event "FIDE World Blitz 2014"]
[Site "Dubai UAE"]
[Date "2014.06.20"]
[Round "16.17"]
[White "Malakhov,V"]
[Black "Ringoir,T"]
[Result "1/2-1/2"]
[WhiteElo "2694"]
[BlackElo "2506"]

1.Nf3 f5 2.d3 d6 3.e4 e5 4.Nc3 Nc6 5.exf5 Nge7 6.d4 exd4 7.Nxd4 Nxd4 8.Qxd4 Nxf5
9.Qd3 Be7 10.Bd2 O-O 11.O-O-O c6 12.g4 Nh4 13.h3 Nf3 14.Be3 d5 15.Be2 Ne5
16.Qd2 Nf3 17.Bxf3 Rxf3 18.Ne2 Bh4 19.Nd4 Rf7 20.f4 c5 21.Nb3 d4 22.Nxc5 b6
23.Nb3 Bb7 24.Nxd4 Bxh1 25.Rxh1 Qd5 26.Rd1 Qxa2 27.Nb3 Rc8 28.Qd5 Bf6 29.Bd4 Rd8
30.Qc4 Bxd4 31.Rxd4 Rxd4 32.Qxd4 Qa6 33.Qf2 Qc4 34.f5 h5 35.Nd4 hxg4 36.hxg4 Re7
37.c3 Qd3 38.g5 Re5 39.Qd2 Qe4 40.Qh2 Qe1+ 41.Kc2 Qe4+ 42.Kb3 Qd5+ 43.Kc2 Qe4+
44.Kb3 Qd5+ 45.Kc2 Qe4+ 46.Kb3 Qd5+  1/2-1/2

[Event "FIDE World Blitz 2014"]
[Site "Dubai UAE"]
[Date "2014.06.20"]
[Round "17.15"]
[White "Nguyen Ngoc Truong Son"]
[Black "Malakhov,V"]
[Result "1-0"]
[WhiteElo "2621"]
[BlackElo "2694"]

1.d4 d5 2.c4 c6 3.cxd5 cxd5 4.Nc3 Nf6 5.Bf4 Nc6 6.e3 e6 7.Bd3 Bd6 8.Bg5 Qa5
9.Ne2 Ne4 10.Bxe4 dxe4 11.Bf4 Bxf4 12.Nxf4 O-O 13.O-O f5 14.Qb3 Qb4 15.d5 Qxb3
16.axb3 exd5 17.Ncxd5 Bd7 18.Rfc1 Kf7 19.h4 Rac8 20.b4 a6 21.Nb6 Rcd8 22.b5 axb5
23.Nxd7 Rxd7 24.Rc5 g6 25.Rxb5 Re8 26.Kh2 Re5 27.Rb6 Rc5 28.b4 Rc2 29.b5 Nd8
30.Kg3 Rcd2 31.Rc1 Rd1 32.Rc5 Ke7 33.h5 g5 34.Re5+ Kf8 35.Rxf5+ Rf7 36.Rxg5 Ke7
37.h6 Rh1 38.Re5+ Kd7 39.Rxe4 Kc7 40.Nd5+ Kd7 41.Rf6 Rh5 42.Rxf7+  1-0

[Event "FIDE World Blitz 2014"]
[Site "Dubai UAE"]
[Date "2014.06.20"]
[Round "18.24"]
[White "Malakhov,V"]
[Black "Bologan,V"]
[Result "1-0"]
[WhiteElo "2694"]
[BlackElo "2661"]

1.Nf3 g6 2.e4 Bg7 3.d4 d6 4.Nc3 Nf6 5.Be2 O-O 6.O-O c6 7.Re1 Nbd7 8.Bf4 Nh5
9.Bg5 h6 10.Be3 e5 11.Qd2 Kh7 12.Rad1 Qe7 13.dxe5 dxe5 14.Qd6 Qxd6 15.Rxd6 Re8
16.Red1 Nb6 17.a4 Nf4 18.Bf1 Bg4 19.a5 Nc8 20.R6d2 b5 21.Ne2 g5 22.Rd8 Rxd8
23.Rxd8 Bf6 24.Rd2 Ne7 25.c3 a6 26.Ng3 Kg7 27.Ne1 Be6 28.Nc2 Kg6 29.Nb4 h5
30.Bc5 h4 31.Ne2 g4 32.Nxf4+ exf4 33.e5 Bg5 34.Bxe7 Bxe7 35.Nxc6 Bc5 36.b4 Ba7
37.Rd6 Kg5 38.Nd4 Rc8 39.Nxe6+ fxe6 40.Rxa6 Bb8 41.Rb6 Bxe5 42.Rxb5 Kf6 43.a6 Bxc3
44.Rc5 Rxc5 45.bxc5 Bd4 46.a7 g3 47.hxg3 hxg3 48.a8=Q Bxf2+  1-0

[Event "FIDE World Blitz 2014"]
[Site "Dubai UAE"]
[Date "2014.06.20"]
[Round "19.18"]
[White "Meier,Geo"]
[Black "Malakhov,V"]
[Result "0-1"]
[WhiteElo "2632"]
[BlackElo "2694"]

1.Nf3 g6 2.e4 Bg7 3.d4 d6 4.Be2 a6 5.c4 Bg4 6.Nc3 Nc6 7.d5 Bxf3 8.Bxf3 Ne5
9.Be2 Nf6 10.O-O O-O 11.Kh1 c6 12.f4 Ned7 13.Be3 Rc8 14.Rc1 cxd5 15.exd5 Nc5
16.Bf3 h5 17.Qe2 a5 18.b3 Qd7 19.Bg1 Rfe8 20.Rcd1 Ng4 21.Nb5 Nh6 22.Rfe1 Nf5
23.g3 Bf6 24.Bf2 Kg7 25.Kg2 Na6 26.h3 Kg8 27.g4 Nh4+ 28.Kg1 Nxf3+ 29.Qxf3 hxg4
30.hxg4 Nc7 31.Nd4 b5 32.Kg2 bxc4 33.bxc4 Na6 34.Rc1 Qa4 35.Nc6 e6 36.g5 Bg7
37.a3 Nb8 38.Nxb8 Rxb8 39.Rcd1 Rb3 40.Rd3 Rxd3 41.Qxd3 e5 42.f5 gxf5 43.Qxf5 Qxc4
44.Rd1 Qe2 45.Rb1 Qd2 46.Rb5 e4 47.Rb7 Rf8 48.g6 fxg6 49.Qe6+ Kh8 50.Qh3+ Kg8
51.Qe6+ Kh8 52.Qh3+ Qh6 53.Qxh6+ Bxh6 54.Bd4+ Kg8 55.Re7 Rf5 56.Rxe4 Rxd5
57.a4 Kf7 58.Kf3 Bd2 59.Ke2 Bb4 60.Bb2 Rd2+  0-1

[Event "FIDE World Blitz 2014"]
[Site "Dubai UAE"]
[Date "2014.06.20"]
[Round "21.12"]
[White "Bacrot,E"]
[Black "Malakhov,V"]
[Result "1/2-1/2"]
[WhiteElo "2720"]
[BlackElo "2694"]

1.b3 Nf6 2.Bb2 g6 3.Nf3 Bg7 4.c4 O-O 5.g3 c6 6.Bg2 d5 7.O-O a5 8.d4 Bf5 9.Nbd2 Ne4
10.Nh4 Nxd2 11.Qxd2 Be6 12.Rac1 a4 13.e4 dxe4 14.Bxe4 axb3 15.axb3 Bh3 16.Bg2 Bxg2
17.Nxg2 Nd7 18.Rfe1 e6 19.Nf4 Nf6 20.Nd3 Nd7 21.Nf4 Nf6 22.Nd3  1/2-1/2

[Event "TCh-CRO Div 1a 2014"]
[Site "Bol CRO"]
[Date "2014.10.04"]
[Round "1.4"]
[White "Malakhov,V"]
[Black "Armanda,I"]
[Result "1-0"]
[WhiteElo "2699"]
[BlackElo "2356"]

1.Nf3 Nf6 2.c4 g6 3.b3 Bg7 4.Bb2 c5 5.g3 O-O 6.Bg2 Nc6 7.O-O Rb8 8.d4 cxd4
9.Nxd4 a6 10.Qd2 Qc7 11.Rc1 d6 12.Nc3 Nxd4 13.Qxd4 Be6 14.e4 Qa5 15.Nd5 Bxd5
16.Bc3 Qa3 17.exd5 Rfc8 18.Qd2 Qc5 19.Re1 Qc7 20.Rac1 Qd7 21.Bd4 Ne8 22.Bb6 h5
23.a4 h4 24.gxh4 Nf6 25.Qe3 Re8 26.Bh3 Ng4 27.Qg5 f5 28.Bxg4 Kh7 29.Bh5 gxh5
30.Re6 Rh8 31.Rxe7 Qxe7 32.Qxe7  1-0

[Event "TCh-CRO Div 1a 2014"]
[Site "Bol CRO"]
[Date "2014.10.05"]
[Round "2.3"]
[White "Stevic,H"]
[Black "Malakhov,V"]
[Result "1/2-1/2"]
[WhiteElo "2616"]
[BlackElo "2699"]

1.e4 e5 2.Nf3 Nc6 3.Bb5 Nf6 4.O-O Nxe4 5.Re1 Nd6 6.Nxe5 Be7 7.Bf1 Nf5 8.c3 Nxe5
9.Rxe5 d6 10.Re1 O-O 11.d4 d5 12.Nd2 c6 13.Nf3 Nh4 14.Nxh4 Bxh4 15.Qf3 Qf6
16.Qxf6 Bxf6 17.Bd3 Bd7 18.Bd2 Rfe8 19.Kf1 h5 20.Rxe8+ Rxe8 21.Re1 Rxe1+
22.Kxe1 Kf8 23.Ke2 Bg4+ 24.Ke1 Bd7 25.Ke2 Bg4+ 26.Ke1 Bd7 27.Ke2  1/2-1/2

[Event "TCh-CRO Div 1a 2014"]
[Site "Bol CRO"]
[Date "2014.10.06"]
[Round "3.3"]
[White "Malakhov,V"]
[Black "Erdos,V"]
[Result "1-0"]
[WhiteElo "2699"]
[BlackElo "2621"]

1.Nf3 c5 2.e4 e6 3.d4 cxd4 4.Nxd4 a6 5.Bd3 Qb6 6.Nb3 Qc7 7.O-O Nf6 8.c4 d6
9.Nc3 Nbd7 10.Be3 b6 11.Rc1 Bb7 12.Qd2 Be7 13.Rfd1 O-O 14.f3 Rac8 15.Bf1 Rfe8
16.Qf2 Bd8 17.h3 Qb8 18.Nd4 Bc7 19.Kh1 Ne5 20.b4 Ba8 21.Nb3 Ned7 22.Na4 Bc6
23.Nc3 Rcd8 24.b5 Bb7 25.bxa6 Bxa6 26.Nd4 Qa8 27.Ndb5 Bxb5 28.Nxb5 Qc6 29.Rc2 Nc5
30.Bg5 h6 31.Bxf6 gxf6 32.Rcd2 Kf8 33.Qh4 Ke7 34.Qxh6 Bb8 35.Qe3 Rh8 36.Nc3 Qa8
37.Rb1 Bc7 38.Nb5 Bb8 39.Re1 Rh5 40.Red1 Qb7 41.g4 Rh7 42.Bg2 Qa8 43.f4 Rdh8
44.Nxd6 Bxd6 45.Rxd6 f5 46.gxf5 Nxe4 47.Rd7+ Kf6 48.Qd4+  1-0

[Event "TCh-CRO Div 1a 2014"]
[Site "Bol CRO"]
[Date "2014.10.07"]
[Round "4.4"]
[White "Almasi,Z"]
[Black "Malakhov,V"]
[Result "1-0"]
[WhiteElo "2695"]
[BlackElo "2699"]

1.e4 e5 2.Nf3 Nc6 3.Bb5 Nf6 4.O-O Nxe4 5.d4 Be7 6.Qe2 Nd6 7.Bxc6 bxc6 8.dxe5 Nb7
9.Be3 O-O 10.Re1 Nc5 11.c4 Ne6 12.Nc3 Bb4 13.Bd2 Bxc3 14.Bxc3 c5 15.Qe4 Rb8
16.Rad1 Bb7 17.Qg4 Bc6 18.Nd2 Qg5 19.Qxg5 Nxg5 20.f4 Ne6 21.g3 f5 22.exf6 gxf6
23.f5 Ng7 24.Ne4 Bxe4 25.Rxe4 d6 26.g4 Kf7 27.Rde1 Rfe8 28.Rxe8 Rxe8 29.Rxe8 Nxe8
30.Bd2 h5 31.Kg2 hxg4 32.Kg3 c6 33.Be3 Nc7 34.Bf4 Ke7 35.Kxg4 Na8 36.Kh5 Nb6
37.b3 Nd7 38.Kg6 Ne5+ 39.Kg7 Nf3 40.Bg3 d5 41.h4 d4 42.h5 d3 43.Bf4 Nh4 44.h6 Nxf5+
45.Kg6 Nd6 46.Bxd6+  1-0

[Event "TCh-CRO Div 1a 2014"]
[Site "Bol CRO"]
[Date "2014.10.08"]
[Round "5.2"]
[White "Malakhov,V"]
[Black "Fedorchuk,S"]
[Result "1/2-1/2"]
[WhiteElo "2699"]
[BlackElo "2673"]

1.d4 Nf6 2.c4 e6 3.Nc3 Bb4 4.Qc2 O-O 5.a3 Bxc3+ 6.Qxc3 d5 7.Nf3 dxc4 8.Qxc4 b6
9.Bg5 Ba6 10.Qa4 c5 11.dxc5 bxc5 12.Rd1 Qb6 13.Bxf6 gxf6 14.Rd2 Nc6 15.Qg4+ Kh8
16.Qh4 Kg7 17.Qg4+ Kh8 18.Qh4 Kg7 19.Qg3+ Kh8  1/2-1/2

[Event "TCh-CRO Div 1a 2014"]
[Site "Bol CRO"]
[Date "2014.10.09"]
[Round "6.5"]
[White "Bozinovic,Bog"]
[Black "Malakhov,V"]
[Result "0-1"]
[WhiteElo "2262"]
[BlackElo "2699"]

1.d4 g6 2.e4 Bg7 3.c4 e6 4.Nc3 Ne7 5.Bg5 h6 6.Be3 d5 7.f3 Nbc6 8.Nge2 O-O
9.Qd2 dxc4 10.O-O-O Kh7 11.g4 a6 12.Ng3 e5 13.d5 Nd4 14.Bxc4 Nxf3 15.Qf2 Nd4
16.Be2 c6 17.h4 cxd5 18.h5 Nxe2+ 19.Qxe2 d4 20.hxg6+ fxg6 21.Kb1 Ng8 22.Bc1 Qd7
23.Nf5 gxf5 24.exf5 Qc6 25.Ne4 Rxf5 26.Qd3 Kh8 27.gxf5 Bxf5 28.Rh4 Nf6  0-1

[Event "TCh-CRO Div 1a 2014"]
[Site "Bol CRO"]
[Date "2014.10.10"]
[Round "7.1"]
[White "Malakhov,V"]
[Black "Naiditsch,A"]
[Result "1-0"]
[WhiteElo "2699"]
[BlackElo "2710"]

1.e4 e6 2.d4 d5 3.Nd2 Be7 4.Ngf3 Nf6 5.e5 Nfd7 6.Bd3 c5 7.c3 Nc6 8.O-O a5
9.a4 b6 10.Nb1 O-O 11.Na3 cxd4 12.cxd4 Nb4 13.Bb1 f5 14.exf6 Nxf6 15.Re1 Ne4
16.Nb5 Bb7 17.Nc3 Rc8 18.Nxe4 dxe4 19.Bxe4 Bxe4 20.Rxe4 Nc2 21.Rb1 Qd5 22.Re2 Rxf3
23.Rxc2 Rxc2 24.Qxc2 Qb3 25.Qxb3 Rxb3 26.Kf1 Bf6 27.Be3 e5 28.d5 Kf7 29.Rc1 Rxb2
30.Rc7+ Kg6 31.g4 b5 32.Rb7 b4 33.d6 Rb3 34.Bb6 Rd3 35.Bxa5 b3 36.d7 e4 37.Kg2 h5
38.gxh5+ Kxh5 39.d8=Q Bxd8 40.Bxd8 Rxd8 41.Rxb3 Rd2 42.Ra3 Kg4 43.h3+ Kh4
44.Kf1 e3 45.fxe3 Kxh3 46.a5 g5 47.a6 Rd1+ 48.Ke2 Rd8 49.a7 Ra8 50.e4+ Kh2
51.Kf3 Kh3 52.e5 g4+ 53.Kf4+ Kh4 54.Ra6  1-0

[Event "TCh-CRO Div 1a 2014"]
[Site "Bol CRO"]
[Date "2014.10.11"]
[Round "8.5"]
[White "Malakhov,V"]
[Black "Navara,D"]
[Result "1-0"]
[WhiteElo "2699"]
[BlackElo "2718"]

1.e4 c5 2.Nf3 d6 3.d4 cxd4 4.Qxd4 Nc6 5.Bb5 Bd7 6.Qd3 Nf6 7.c4 g6 8.O-O Bg7
9.Nc3 O-O 10.h3 a6 11.Bxc6 Bxc6 12.Be3 Nd7 13.Nd4 Nc5 14.Qc2 Qa5 15.Rac1 Rac8
16.Rfe1 Ne6 17.Nxe6 fxe6 18.Qb3 Kh8 19.c5 dxc5 20.Qxe6 Qb4 21.Re2 c4 22.a3 Qa5
23.Qxe7 Qd8 24.Qxd8 Rfxd8 25.f3 b5 26.Rd1 a5 27.Rxd8+ Rxd8 28.Bb6 Ra8 29.Nd5 Bxd5
30.exd5 Bf8 31.Bc7 Ra6 32.Rd2 Bh6 33.f4 Kg8 34.g3 Kf7 35.d6 Bg7 36.d7 Bf6
37.d8=Q Bxd8 38.Rxd8 b4 39.axb4 axb4 40.Be5  1-0

[Event "TCh-CRO Div 1a 2014"]
[Site "Bol CRO"]
[Date "2014.10.12"]
[Round "9.2"]
[White "Grachev,B"]
[Black "Malakhov,V"]
[Result "1/2-1/2"]
[WhiteElo "2673"]
[BlackElo "2699"]

1.c4 Nf6 2.Nf3 c5 3.Nc3 Nc6 4.g3 d5 5.cxd5 Nxd5 6.Bg2 g6 7.O-O Bg7 8.Nxd5 Qxd5
9.d3 O-O 10.Be3 Bxb2 11.Rb1 Bf6 12.Qa4 Qd7 13.Bxc5 b6 14.Bxb6 Nd4 15.Qd1 axb6
16.Nxd4 Rxa2 17.Qb3 Rd2 18.Qb4 Ra2 19.Qb3 Rd2 20.Qb4 Ra2 21.Qb3 Rd2  1/2-1/2

[Event "World Rapid 2015"]
[Site "Berlin GER"]
[Date "2015.10.10"]
[Round "1.50"]
[White "Malakhov,V"]
[Black "Sanal,V"]
[Result "1-0"]
[WhiteElo "2694"]
[BlackElo "2501"]

1.e4 e5 2.Nf3 Nc6 3.Bb5 a6 4.Ba4 Nf6 5.O-O Be7 6.d3 b5 7.Bb3 d6 8.a3 O-O
9.Nc3 Be6 10.h3 Bxb3 11.cxb3 Nd4 12.Nxd4 exd4 13.Ne2 c5 14.b4 Nd7 15.bxc5 dxc5
16.b4 cxb4 17.axb4 Bxb4 18.Bb2 Nc5 19.Bxd4 a5 20.Qb1 Qd6 21.Rd1 f5 22.e5 Qd5
23.Bxc5 Qxc5 24.Qb3+ Kh8 25.d4 Qb6 26.Nf4 Rfd8 27.Ne6 Rdc8 28.d5 Bc3 29.Rab1 Bxe5
30.Qxb5 Qxb5 31.Rxb5 Bd6 32.Rb6 Be7 33.d6 Bd8 34.Rb7 a4 35.d7 Rc6 36.Nxd8 Rxd8
37.Rb8  1-0

[Event "World Rapid 2015"]
[Site "Berlin GER"]
[Date "2015.10.10"]
[Round "5.14"]
[White "Malakhov,V"]
[Black "Matlakov,M"]
[Result "1/2-1/2"]
[WhiteElo "2694"]
[BlackElo "2689"]

1.Nf3 d5 2.g3 Nf6 3.Bg2 e6 4.O-O Be7 5.d3 O-O 6.Nbd2 c5 7.Re1 Nc6 8.e4 b5
9.exd5 Nxd5 10.a4 b4 11.Nc4 Bb7 12.h4 h6 13.Bd2 Qc7 14.a5 Rad8 15.c3 Bf6
16.Qc2 Ba6 17.Nh2 Rfe8 18.Ng4 Be7 19.Nge5 Nxe5 20.Nxe5 Bf6 21.Ng4 bxc3 22.bxc3 Be7
23.Ne5 Bf6 24.Ng4 Be7 25.Ne5 Bf6 26.Ng4  1/2-1/2